000 00628nam a2200229 u 4500
005 20210223132955.0
008 160608s2006 r 000 0 eng d
020 _a9802572489
035 _aUPN01000211280
049 _aI
050 4 _aQL737 C2.3
_bC6.4 2006
100 1 _aCowcher, Helen
_938978
245 1 0 _aJaguar /
_cHelen Cowcher ; tr. Santos Luzardo.
250 _a3a ed.
260 _aCaracas :
_bEkaré,
_c2006.
300 _a[28] p. :
_bil. col.
440 0 _aMis primeras lecturas
650 4 _aJAGUARES
_924919
650 4 _aFELINOS -
_vLITERATURA JUVENIL
_912503
905 _aInfantil
999 _c183381
_d183381